NLSUI OPAC header image

Forest lands in Karnataka (Record no. 39561)

MARC details
000 -LEADER
fixed length control field 00372nam a2200157Ia 4500
008 - FIXED-LENGTH DATA ELEMENTS--GENERAL INFORMATION
fixed length control field 160316s1999 xxu||||| |||| 00| 0 eng d
082 ## - DEWEY DECIMAL CLASSIFICATION NUMBER
Classification number 344.046000
Item number SUB
100 ## - MAIN ENTRY--PERSONAL NAME
Personal name Subbaiah C Venkata
245 ## - TITLE STATEMENT
Title Forest lands in Karnataka
250 ## - EDITION STATEMENT
Edition statement
260 ## - PUBLICATION, DISTRIBUTION, ETC.
Place of publication, distribution, etc. Madikeri
Name of publisher, distributor, etc. Aranya Bhavan
Date of publication, distribution, etc. 1999
300 ## - PHYSICAL DESCRIPTION
Extent 14
Other physical details
Dimensions
365 ## - TRADE PRICE
Price amount
650 ## - SUBJECT ADDED ENTRY--TOPICAL TERM
Topical term or geographic name entry element 1. Forest land
700 ## - ADDED ENTRY--PERSONAL NAME
Personal name
--
Holdings
Withdrawn status Lost status Damaged status Not for loan Home library Current library Shelving location Date acquired Total Checkouts Full call number Barcode Date last seen Price effective from Koha item type
        . .   30.05.2017   344.046 SUB REP300508 30.05.2017 30.05.2017 Repository